Normal view
MARC view
- Dieter K.Huzel, David H. Huang
Entry Personal Name
001 - CONTROL NUMBER
- control field: 127627
003 - CONTROL NUMBER IDENTIFIER
- control field: NUST
005 - DATE AND TIME OF LATEST TRANSACTION
- control field: 20250117100242.0
008 - FIXED-LENGTH DATA ELEMENTS
- fixed length control field: 250117|| aca||aabn | a|a d
040 ## - CATALOGING SOURCE
- Original cataloging agency: NUST
- Transcribing agency: NUST
100 ## - HEADING--PERSONAL NAME
- Personal name: Dieter K.Huzel, David H. Huang
670 ## - SOURCE DATA FOUND
- Source citation: Work cat.: (NUST)559967: Dieter K.Huzel, David H. Huang, Modern Engineering for Design of Liquid -Propellant Rocket Engines /, 1992
